更好的生活
| 資料類型: | 圖書 | 書目號: | 47138 |
Leader xxxxxxxxxx 005 __ 20140314115652 010 0_ |a9789570838046|b平裝|dNT$280 100 __ |a20140616d2011 m y0chiy50 e 101 0_ |achi 102 __ |atw 105 __ |ay z 000cy 200 1_ |a更好的生活|f吳岱穎,凌性傑著 205 __ |a初版 210 __ |a臺北市|c聯經|d2011[民100] 215 0_ |a280,[9]面|d21公分 300 __ |a附錄:1.作者篇目/引詩出處/推薦書單 681 __ |a855|b2622|v2007年版 700 _1 |a吳|b岱穎|4著 702 _1 |a凌|b性傑|4著 806 __ |aL30|u20140107|xFour corners|831355007012686 681 __ |a855|b8873 801 _0 |atw|b內湖高中|c20140616|gCCR |